La temible niñasaurio / (Registro nro. 12135)

Detalles MARC
000 -LIDER
fixed length control field 00818cam a2200313 i 4500
001 - NÚMERO DE CONTROL
Identificador de número de control 0000824
003 - IDENTIFICACDOR DE NÚMERO DE CONTROL
control field DO-SdBNP
005 - DATE AND TIME OF LATEST TRANSACTION
control field 20180212114243.0
007 - CAMPOS FIJOS DE DESCRIPCIÓN FÍSICA
fixed length control field 0000824
008 - ELEMENTOS DE LONGITUD FIJA
fixed length control field 100514s 1993 sp a | |||| 000 f spa
015 ## - NÚMERO DENTRO DE LA BIBLIOGRAFÍA NACIONAL
National bibliography number
017 ## - NÚMERO DE REGISTRO DE DERECHOS DE AUTOR
Copyright or legal deposit number
Assigning agency
020 ## - ISBN
International Standard Book Number 8434838745
035 ## - NÚMERO LOCAL
System control number
040 ## - FUENTE DE CATALOGACIÓN
Agencia que crea de manera original el registro BPMSU
Idioma de catalogación spa
Agencia que realiza la transcripción BPMSU
Convenciones de la despripción
080 ## - NÚMERO DE CLASIFICACIÓN DECIMAL UNIVERSAL
Universal Decimal Classification number
100 1# - ASIENTO PRINCIPAL -- NOMBRE PERSONAL
Nombre personal Bottner, Barbara
240 1# - TITULO UNIFORME
Título uniforme Bootsie barker bites /
245 13 - MENCIÓN DE TITULO
Título La temible niñasaurio /
Medio (Designación general de material)
Mención de responsabilidad Barbara Bottner, Peggy Rathmann ; traducción Isabel Cano
260 ## - PUBLICACIÓN, DISTRIBUCIÓN, ETC. (PIE DE IMPRENTA)
Lugar de publicación, distribución, etc Madrid :
Nombre del editor, distribuidor, etc. Sm,
Fecha de publicación, distribución, etc 1993.
300 ## - DESCRIPCIÓN FÍSICA
Extensión 30 p.:
Otros detalles físicos il.
Dimensiones 19 cm.
490 1# - MENCIÓN DE SERIES
Mención de serie Los piratas
Volume/sequential designation 13
700 12 - ASIENTO SECUNDARIO -- NOMBRE PERSONAL
Nombre personal Rathmamm, Peggy
700 12 - ASIENTO SECUNDARIO -- NOMBRE PERSONAL
Nombre personal Cano, Isabel
Mención de responsabilidad trad.
830 #0 - ASIENTO SECUNDARIO DE SERIE--TÍTULO UNIFORME
Título uniforme Los piratas
Número de la parte o sección de una obra 13
942 ## - ADDED ENTRY ELEMENTS (KOHA)
Source of classification or shelving scheme Dewey Decimal Classification
Koha item type Libros
945 ## - INFORMACIÓN DE PROCESAMIENTO LOCAL
Información de procesamiento local Inventariado, 2018/ YL
956 ## - LOCAL ELECTRONIC LOCATION AND ACCESS (OCLC)
Nombre de host YLOCKWARD
Información de compresión BPMSU
Número de acceso 10
Existencias
Withdrawn status Lost status Source of classification or shelving scheme Damaged status Not for loan Collection code Home library Current library Date acquired Source of acquisition Cost, normal purchase price Total Checkouts Barcode Date last seen Price effective from Koha item type
    Dewey Decimal Classification     Colección Infantil General Biblioteca Pública Metropolitana Salomé Ureña Biblioteca Pública Metropolitana Salomé Ureña 11/28/2016 Compra en Cuesta del libro 18.75   BPMSU16111600 11/28/2016 11/28/2016 Libros